Media management in the age of giants: business dynamics of journalism (Record no. 155495)
[ view plain ]
| 000 -LEADER | |
|---|---|
| fixed length control field | 00659nam a2200229Ia 4500 |
| 003 - CONTROL NUMBER IDENTIFIER | |
| control field | OSt |
| 005 - DATE AND TIME OF LATEST TRANSACTION | |
| control field | 20230420112331.0 |
| 008 - FIXED-LENGTH DATA ELEMENTS--GENERAL INFORMATION | |
| fixed length control field | 210423s2005 xx 000 0 und d |
| 020 ## - INTERNATIONAL STANDARD BOOK NUMBER | |
| International Standard Book Number | 8122901921 |
| 040 ## - CATALOGING SOURCE | |
| Transcribing agency | AL |
| 041 ## - LANGUAGE CODE | |
| Language code of text/sound track or separate title | eng |
| 082 ## - DEWEY DECIMAL CLASSIFICATION NUMBER | |
| Classification number | 070.1 HERD |
| 100 ## - MAIN ENTRY--PERSONAL NAME | |
| Personal name | HERRICK (Dennis F) |
| 9 (RLIN) | 90948 |
| 245 ## - TITLE STATEMENT | |
| Title | Media management in the age of giants: business dynamics of journalism |
| 260 ## - PUBLICATION, DISTRIBUTION, ETC. | |
| Place of publication, distribution, etc. | New Delhi |
| Name of publisher, distributor, etc. | Surjeeth Publications |
| Date of publication, distribution, etc. | 2005 |
| 300 ## - PHYSICAL DESCRIPTION | |
| Extent | xx,397 |
| Other physical details | PB |
| 365 ## - TRADE PRICE | |
| Price amount | 295 |
| Currency code | INR |
| 650 ## - SUBJECT ADDED ENTRY--TOPICAL TERM | |
| Topical term or geographic name entry element | General |
| 9 (RLIN) | 90949 |
| 650 ## - SUBJECT ADDED ENTRY--TOPICAL TERM | |
| Topical term or geographic name entry element | Mass Media |
| 9 (RLIN) | 90950 |
| 906 ## - LOCAL DATA ELEMENT F, LDF (RLIN) | |
| a | age ; business ; dynamics ; giants: ; journalism ; management ; Media |
| 942 ## - ADDED ENTRY ELEMENTS (KOHA) | |
| Source of classification or shelving scheme | Dewey Decimal Classification |
| Koha item type | Book |
| Withdrawn status | Lost status | Damaged status | Not for loan | Collection code | Home library | Current library | Date acquired | Source of acquisition | Cost, normal purchase price | Total Checkouts | Full call number | Barcode | Date last seen | Price effective from | Koha item type |
|---|---|---|---|---|---|---|---|---|---|---|---|---|---|---|---|
| MAJMC | St Aloysius PG Library | St Aloysius PG Library | 07/09/2008 | Higginbothams Pvt Ltd | 295.00 | 070.1 HERD | PG001967 | 08/24/2022 | 04/26/2021 | Book | |||||
| MAJMC | St Aloysius PG Library | St Aloysius PG Library | 07/09/2008 | Higginbothams Pvt Ltd | 295.00 | 070.1 HERD | PG001968 | 08/24/2022 | 04/26/2021 | Reference | |||||
| MAJMC | St Aloysius PG Library | St Aloysius PG Library | 10/01/2008 | Athulya Books | 295.00 | 070.1 HERD | PG002703 | 08/24/2022 | 04/26/2021 | Book |